000 01120nam a2200265 a 4500
003 CBULib
005 20240422093314.0
008 061004s2003 ||||||||||||||||| || u
020 _a9210163664
040 _aCBULib
_bEnglish
_cCBULib
_dCBULIB
_erda
050 _aUN-ECE(02)2003/8
110 _aUnited Nations Economic Commission for Europe (UNECE)
245 1 0 _aProtocol on pollutant release and transfer registers to the convention on access to information, Public participation in decision-making and access to justice in environmental matters
_cby United Nations Economic Commission for Europe (UN-ECE)
260 _aNew York :
_bUNECE
_c2003
300 _a72pages : illustrations
336 _2rdacontent
_aText |
_btxt
337 _2rdamedia
_aUnmediated |
_bn
338 _2rdacarrier
_aVolume
_bnc
500 _adone at Kiev (Ukraine), on 21 may 2003
650 _aENVIRONMENTAL IMPACT ANALYSIS--CASE STUDIES
650 0 _aENVIRONMENTAL POLICY--MACEDONIA
650 _aENVIRONMENTAL ANALYSIS--GUIDELINES
942 _2mc
_c029
999 _c55199
_d55199